Erlebnis-Sharing in den sozialen Medien und dessen Bedeutung im Tourismus

Bibliographic Details
Main Author: Wisinger Flóra Edit
Other Authors: Jusztin Dr. Márta
Format: Thesis
Kulcsszavak:Erlebnis-Sharing
soziale Medien
Reiseerlebnis
Erlebniswirtschaft
Online Access:http://dolgozattar.uni-bge.hu/23106

MARC

LEADER 00000nta a2200000 i 4500
001 dolg23106
005 20200214131052.0
008 191120suuuu hu om 000 ger d
040 |a BGE Dolgozattár Repozitórium  |b hun 
041 |a de 
100 1 |a Wisinger Flóra Edit 
245 1 0 |a Erlebnis-Sharing in den sozialen Medien und dessen Bedeutung im Tourismus  |c Wisinger Flóra Edit  |h [elektronikus dokumentum] 
246 1 1 |a Az élmények megosztása a közösségi médiában és ennek jelentősége a turizmusban 
695 |a Erlebnis-Sharing 
695 |a soziale Medien 
695 |a Reiseerlebnis 
695 |a Erlebniswirtschaft 
700 1 |a Jusztin Dr. Márta  |e ths 
856 4 0 |u http://dolgozattar.uni-bge.hu/23106/1/Diplomarbeit-Wisinger-Fl%C3%B3ra-Edit.pdf  |z Dokumentum-elérés